• 首页
  • 本馆介绍
  • 公告通知
  • 最新文献
  • 馆藏检索
  • 电子资源
  • 读者导购
  • 参考咨询
  • 我的图书馆
  • 登录
  • 详细信息显示
  • 放入我的书架
  • 预约/预借图书
  • 作者相关作品
  • 分类相关作品
  • 丛书相关作品
  • 出版社相关作品

书目信息

  • 表格格式
  • 工作单格式
  • 卡片格式
题名:
无机化工工艺学
    
 
作者: 陈五平 主编
分册: 上册   合成氨、尿素、硝酸、硝酸铵
出版信息: 北京   化学工业出版社  2002
页数: 404页
开本: 26cm
丛书名:
单 册:
中图分类: TQ110.6
科图分类:
主题词: 无机化工--生产工艺--高等学校--教材 , 无机化工
电子资源:
ISBN: 7-5025-3414-8
000 01040nam0 2200277 45
001 020000009320
005 20050905150329.37
010    @a7-5025-3414-8@dCNY34.00
100    @a20040420e20032002ekmy0chiy0120 ea
101 0  @achi
102    @aCN@b110000
105    @aak az 000yy
200 1  @a无机化工工艺学@Awu ji hua gong gong yi xue@h上册@i合成氨、尿素、硝酸、硝酸铵@f陈五平主编@Fchen wu ping zhu bian
205    @a3版
210    @a北京@c化学工业出版社@d2002@h2004重印
215    @a404页@c图@d26cm
300    @a普通高等教育“九五”国家级重点教材
320    @a有书目
330    @a本书为《无机华工工艺学》上册,包括合成氨、尿素、硝酸、硝酸铵。内容主要介绍其生产原理、生产方法、工艺流程、主要设备及工艺计算,以及三废治理、综合利用等。
517 1  @a合成氨、尿素、硝酸、硝酸铵@9he cheng an、 niao su、 xiao suan、 xiao suan an
606 0  @a无机化工@x生产工艺@x高等学校@j教材
606 0  @a无机化工
690    @aTQ110.6@v4
701  0 @a陈五平@Achen wu ping@4主编
801  0 @aCN@bTSSF@c20050905
905    @a10447@dTQ110.6@e11:1=3
    
    无机化工工艺学.上册.合成氨、尿素、硝酸、硝酸铵/陈五平主编.-3版.-北京:化学工业出版社,2002(2004重印)
    404页:图;26cm
    普通高等教育“九五”国家级重点教材
    
    ISBN 7-5025-3414-8:CNY34.00
    本书为《无机华工工艺学》上册,包括合成氨、尿素、硝酸、硝酸铵。内容主要介绍其生产原理、生产方法、工艺流程、主要设备及工艺计算,以及三废治理、综合利用等。
●
相关链接 在E读中查询图书 在五车中查询图书 在当当中查询图书 在豆瓣中查询图书


正题名:无机化工工艺学     索取号:TQ110.6/11:1=3         预约/预借

序号 登录号 条形码 馆藏地/架位号 状态 备注
1 0359844   3598440   第二样本阅览室/ [索取号:TQ110.6/11:1=3] 在馆    
2 0359845   3598459   第三借阅区/ [索取号:TQ110.6/11:1=3] 在馆    
3 0359846   3598468   第三借阅区/ [索取号:TQ110.6/11:1=3] 在馆    
唐山师范学院图书馆 欢迎您!
大连网信软件有限公司© 版权所有